Saltar al contenido
Inicio
Centros participantes
Catálogo
Servicios
Contacto
כניסה לחשבון
English
Deutsch
Español
Français
Italiano
日本語
Nederlands
Português
Português (Brasil)
中文(简体)
中文(繁體)
Türkçe
עברית
Gaeilge
Cymraeg
Ελληνικά
Català
Euskara
Русский
Čeština
Suomi
Svenska
polski
Dansk
slovenščina
اللغة العربية
বাংলা
Galego
Tiếng Việt
Hrvatski
हिंदी
Հայերէն
Українська
Sámegiella
שפה
כל השדות
כותר
מחבר
נושא
סימן המיקום
ISBN/ISSN
תג
מצא
מתקדם
América Latina: las mujeres y...
יצירת מראה מקום
שלח את זה
הדפסה
יצוא רשומה
יצוא אל RefWorks
יצוא אל EndNoteWeb
יצוא אל EndNote
הוספה למועדפים
Enlace Permanente
היצוא הצליח —
Agregar primera valuación
América Latina: las mujeres y los cambios socio-ocupacionales 1960-1980
שמור ב:
מידע ביבליוגרפי
מחבר תאגידי:
CEPAL
פורמט:
Texto
יצא לאור:
s.l.:
CEPAL
תגים:
הוספת תג
אין תגיות, היה/י הראשונ/ה לתייג את הרשומה!
מלאי ספרים
תיאור
הערות
פריטים דומים
תצוגת צוות
MARC
LEADER
00000 a a2200000 04500
001
22885
003
040
090
|a
158000
110
|a
CEPAL
245
|a
América Latina: las mujeres y los cambios socio-ocupacionales 1960-1980
260
|a
s.l.:
|b
CEPAL
300
|a
66 p.
999
|c
12986
|d
12986
פריטים דומים
Democracia y Desarrollo en América Latina /
מאת: Cepeda Ulloa, F.
El Estudio de las relaciones internacionales en Centroamérica: un ensayo bibliográfico de fuentes y tendencias
מאת: Araya Montezuma, Andrés
La organización de Naciones Unidas y las cuestiones de la paz y el desarme. Breve enfoque de la persistente obstrucción norteamericana
מאת: Núñez Mosquera, Pedro
Deterrence failures: a second look
מאת: Orme, John
The Election in El Salvador in march 1982
מאת: Chitnis, Lord